00506nam a2200193 a 4500001001300000003000900013005001700022008004100039020001000080082001600090100003300106245002200139260004000161300000800201500003500209505001300244650002200257700003300279nice12345678IN_TiNIC20260116011722.0050524s0000 luca grp 000 0 urd  ac10000a297.7bFAR1 aFarooqi, Mohd Abdush Shukoor aNafha-E-Ambariyya aLucknowbFarooqia Book Agencyc0000 a95p aincludes index and biblioraphy2 aAppendix aIslamic-Education1 aFarooqi, Mohd Abdush Shukoor